000 00590nam a2200193Ii 4500
003 JO-AjNU
008 230605s9999||||xx |||||||||||||| ||und||
040 _aJO-AjNU
_bara
_erda
_cJO-AjNU
041 _aara
050 1 4 _aTR147.H3592 1987
100 3 _aحمندي ، نزار جعفر ,
_eauthor
_936575
245 0 0 _aفن التصوير بالمرشحات الضوئية
264 3 1 _a1987
300 _a42ص
336 _atext
_btxt
_2rdacontent
337 _aunmediated
_bn
_2rdamedia
338 _avolume
_bnc
_2rdacarrier
650 4 _aالعدسات-علم البصريات
_936576
999 _aA15208
_c18776
_d18776